000 00608cam a22001933a 4500
001 41249
003 PGUSA
005 20140828083929.0
008 121031s2012||||xxu|||||s|||||000 | eng d
040 _aPGUSA
_beng
042 _adc
245 1 0 _aAmong the Humorists and After Dinner Speakers, Vol. I :
_bA New Collection of Humorous Stories and Anecdotes
_h[electronic resource] /
_cVarious
260 _bProject Gutenberg,
_c2012
506 _aPublic domain in the USA.
516 _aElectronic text
830 0 _aProject Gutenberg
_v41249
856 4 0 _uhttp://www.gutenberg.org/ebooks/41249
942 _cEB
999 _c270501
_d270501